| 000 | 00525nam a22001457a 4500 | ||
|---|---|---|---|
| 005 | 20241212102049.0 | ||
| 008 | 240924b ||||| |||| 00| 0 eng d | ||
| 082 | _2DPer050 M72 January-March 2018 v. 66 no. 8-10 | ||
| 100 |
_aFrancisco, Ronald D. _eauthor. _961547 |
||
| 245 |
_aPilipino yata 'to! / _cRonald D. Francisco. |
||
| 260 |
_aPhilippines; _bPublishers Association of the Philippines, Inc., _cJune 2018. |
||
| 300 | _aVolume 66, pages 34-35. | ||
| 700 |
_aFrancisco, Ronald D. _eauthor. _961547 |
||
| 942 |
_2ddc _cPER |
||
| 999 |
_c21811 _d21811 |
||